名前に「馬」がつく駅 - Statistics

General Stats
  • This quiz has been taken 96 times
  • The average score is 24 of 56
Answer Stats
Hint Answer % Correct
山手線西武新宿線 東京メトロ東西線 高田馬場
90%
京王競馬場線 府中競馬正門前
80%
総武本線 馬喰町
74%
常磐線流鉄流山線 馬橋
72%
みなとみらい線 馬車道
72%
京急本線 新馬場
71%
都営浅草線 馬込
68%
都営新宿線 馬喰横山
65%
東京モノレール 大井競馬場前
65%
神鉄有馬線 有馬温泉
65%
叡山電鉄鞍馬線 鞍馬
64%
西武池袋線都営大江戸線 他 練馬
62%
東京メトロ日比谷線 小伝馬町
62%
都営浅草線 西馬込
62%
神鉄有馬線神鉄三田線 有馬口
62%
京成本線 船橋競馬場
58%
山陰本線 馬堀
52%
函館市電 競馬場前
52%
北九州モノレール 競馬場前
52%
東武東上線 東武練馬
51%
西武池袋線 練馬高野台
51%
常磐線 相馬
49%
大糸線 白馬
48%
都営大江戸線 練馬春日町
48%
京都市営地下鉄烏丸線 鞍馬口
48%
京急本線 馬堀海岸
45%
名鉄名古屋本線 中京競馬場前
45%
上越線 群馬総社
42%
八高線 群馬藤岡
39%
中央本線 洗馬
39%
久留里線 馬来田
36%
信越本線 群馬八幡
35%
東武野田線 馬込沢
35%
飯田線 出馬
33%
名古屋市営地下鉄名城線 熱田神宮伝馬町
33%
福岡市営地下鉄箱崎線 馬出九大病院前
33%
仙石線 下馬
30%
磐越西線 馬下
30%
富良野線 美馬牛
28%
吾妻線 群馬原町
26%
大糸線 白馬大池
25%
山陰本線 馬路
25%
鹿児島市電 高見馬場
25%
小海線 馬流
22%
境線 馬場崎町
22%
小湊鐵道線 馬立
22%
吾妻線 群馬大津
20%
西鉄甘木線 馬田
20%
遠州鉄道線 曳馬
20%
近鉄田原本線 但馬
19%
京阪石山坂本線 松ノ馬場
13%
三岐鉄道北勢線 馬道
13%
上信電鉄線 馬庭
12%
熊本市電 八丁馬場
12%
北陸鉄道石川線 馬替
9%
熊本市電 洗馬橋
7%
No matching quizzes found
Score Distribution
Percent of People with Each Score
Percentile by Number Answered
Your Score History
You have not taken this quiz